UZAYLI SEBZELER MÜZİKTEN ANLAR MI (Kayıt no. 804119)

MARC ayrıntıları
000 -LEADER
sabit uzunluktaki kontrol alanı 00259nam a2200097Ia 4500
001 - KONTROL NUMARASI
kontrol alanı 804119
005 - EN SON İŞLEMİN TARİH VE ZAMANI
kontrol alanı 20250826171127.0
008 - SABİT-UZUNLUKTA VERİ ÖĞELERİ--GENEL BİLGİ
sabit uzunluktaki kontrol alanı 250824s9999 xx 000 0 und d
245 #0 - ESER / YAZAR
ESER ADI UZAYLI SEBZELER MÜZİKTEN ANLAR MI
Yazar Adı ZEYNEP AKYILDIZ
260 ## - YAYIN, DAĞITIM, VB.
YAYIN EVİ CEZVE YAYINLARI
Mevcut
Düşüm durumu Kayıp durumu Hasar Durumu Ödünç verilmez Ana kütüphane Geçerli Kütüphane Edinilen tarih Toplam ödünç verme sayısı Barkod Son görüntüleme tarihi Son ödünç verme tarihi Fiyatın geçerli olmaya başladığı tarih Koha materyal türü
        KEMAL AKPINAR İMAM HATİP ORTAOKULU KEMAL AKPINAR İMAM HATİP ORTAOKULU 24.08.2025 3 10283473 02.04.2026 26.03.2026 26.08.2025 Kitaplar
Gemini Bilgi Teknolojileri A.Ş. tarafından düzenlenmiştir.